Newspapers and Journals by Country - Statistics

General Stats
  • This quiz has been taken 27 times
  • The average score is 11 of 20
Answer Stats
Hint Country % Correct
Le Monde France
100%
The Siam Times Thailand
88%
Ta Kung Pao Hong Kong (China)
84%
The Wall Street Journal United States
80%
Gringo Gazette Mexico
68%
The Himalayan Times Nepal
68%
Sudan Mirror South Sudan
68%
L'Osservatore Romano Vatican City
60%
Søndagsavisen Denmark
56%
The Kilimanjaro Post Tanzania
56%
The EastAfrican Kenya
52%
Világgazdaság Hungary
48%
Northern Territory News Australia
44%
Hürriyet Turkey
44%
Nava Bharat India
40%
The Zimbabwean South Africa
40%
Correo del Orinoco Venezuela
40%
L'Italiano Argentina
20%
Juventud Rebelde Cuba
20%
Newsmada Madagascar
4%
No matching quizzes found
Score Distribution
Percent of People with Each Score
Percentile by Number Answered
Your Score History
You have not taken this quiz